Sociolingüística urbana: el habla de Bilbao

Furkejuvvon:
Bibliográfalaš dieđut
Váldodahkki: Etxebarría Aróstegui, Maitena (Dahkki)
Materiálatiipa: Girji
Giella:espánnjágiella
Almmustuhtton: Salamanca Universidad de Salamanca 1985
Preanttus:1a. ed
Ráidu:Acta Salmanticensia. Filosofía y Letras, 165
Fáttát:
Fáddágilkorat: Lasit fáddágilkoriid
Eai fáddágilkorat, Lasit vuosttaš fáddágilkora!

MARC

LEADER 00000nam a2200000 a 4500
001 UCH0264
003 CL-VaPUC
008 090227e19850000SP |||||||||||||||||spa|d
020 |a 8474813379 
082 0 4 |a 467.63  |b ETX  |2 21 
100 0 |a Etxebarría Aróstegui, Maitena  |e author  |9 534450 
245 1 0 |a Sociolingüística urbana: el habla de Bilbao 
250 |a 1a. ed 
300 |a 565 p 
942 |c BK 
945 |d 20090227 00:00:00  |a cmena 
260 |a Salamanca  |b Universidad de Salamanca  |c 1985 
650 0 |a Idioma español  |9 309143 
650 0 |a Sociolingüística  |9 263716 
650 0 |a Investigación lingüística  |9 329785 
650 7 |a DIALECTOS  |2 CL-VaPUC  |9 348323 
651 0 |a España  |9 254926 
651 7 |a BILBAO  |2 CL-VaPUC  |9 399507 
583 |a last modification  |c 20130104 11:35:24  |k Rodrigo Vera 
490 0 |a Acta Salmanticensia. Filosofía y Letras, 165 
999 |c 332602  |d 332600 
952 |0 0  |1 0  |4 0  |6 467_630000000000000_ETX_1985  |7 0  |8 A  |9 420450  |a FDOPOS  |b FDOPOS  |d 2019-11-22  |i 4516648  |o 467.63 ETX 1985  |p 4516648  |r 2025-01-22  |w 2019-11-22  |y BK  |k MLA